000 00597nam a2200169 i 4500
001 22713
003 ES-MaACL
005 20230906152738.0
007 t|
008 021204s1911 sp ||||1| spa d
100 1 _aAlvarez-Ossorio y Pizarro, Florencio.
_920901
245 1 0 _aAlgunos trabajos jurídicos y literarios, coleccionados y publicados por sus hijos /
_cFlorencio Alvarez-Ossorio y Pizarro.
260 _aMadrid :
_b[s.n.],
_c1911 (
_fTip. de la Rev. de Archivos, Bibliotecas y Museos)
300 _a1 lám., 408 p. ;
_c25 cm.
500 _aRetr. del autor.
852 _aES-MaACL
_jG-9519
999 _c22713
_d22713